[Event "Skara Vastgota op"]
[Site "Skara"]
[Date "2023.02.19"]
[Round "9"]
[White "Ronneland, Daniel"]
[Black "Kucuksari, Kaan"]
[Result "1-0"]
[WhiteElo "2198"]
[BlackElo "2507"]
[PlyCount "113"]
[EventDate "2023.02.18"]
[EventType "swiss"]
[EventRounds "9"]
[EventCountry "SWE"]
[SourceTitle "CBM 212 Extra"]
[Source "ChessBase"]
[SourceDate "2023.03.31"]
[SourceVersion "1"]
[SourceVersionDate "2023.03.31"]
[SourceQuality "1"]

1. e4 c5 2. Nf3 Nc6 3. d4 cxd4 4. Nxd4 Nf6 5. Nc3 e5 6. Ndb5 d6 7. Bg5 a6 8. Na3 b5 9. Bxf6 gxf6 10. Nd5 Bg7 11. Bd3 0-0 12. Qh5 Ne7 13. 0-0 f5 14. Nxe7+ Qxe7 15. c4 Kh8 16. exf5 Bf6 17. Rae1 Bb7 18. Be4 Rg8 19. Qf3 Rab8 20. Bxb7 Qxb7 21. Qxb7 Rxb7 22. cxb5 axb5 23. Rd1 e4 24. Rd5 Rgb8 25. b3 Bb2 26. Nc2 Be5 27. Nd4 Rc8 28. Nxb5 Rb6 29. Rfd1 Rc2 30. a4 Rb2 31. g3 Rc6 32. R5d2 Rxd2 33. Rxd2 Kg7 34. a5 Kf6 35. f4 exf3 36. Kf2 Kxf5 37. Nd4+ Bxd4+ 38. Rxd4 Ke5 39. Ra4 Rc8 40. a6 Ra8 41. Kxf3 Kd5 42. a7 Kc5 43. Ke4 d5+ 44. Kd3 d4 45. g4 Kc6 46. Kxd4 Kb7 47. Ke5 Re8+ 48. Kf6 Ka8 49. Kxf7 Re3 50. h4 Rxb3 51. g5 Rb7+ 52. Kg8 Rc7 53. h5 Rc5 54. g6 hxg6 55. hxg6 Rc8+ 56. Kh7 Rc1 57. Rh4 1-0

[Event "Skara Vastgota op"]
[Site "Skara"]
[Date "2023.02.18"]
[Round "6"]
[White "Ronneland, Daniel"]
[Black "Kockum, Anton Frisk"]
[Result "1/2-1/2"]
[WhiteElo "2198"]
[BlackElo "2329"]
[PlyCount "96"]
[EventDate "2023.02.18"]
[EventType "swiss"]
[EventRounds "9"]
[EventCountry "SWE"]
[SourceTitle "CBM 212 Extra"]
[Source "ChessBase"]
[SourceDate "2023.03.31"]
[SourceVersion "1"]
[SourceVersionDate "2023.03.31"]
[SourceQuality "1"]

1. d4 e6 2. c4 Nf6 3. Nf3 Bb4+ 4. Nbd2 b6 5. g3 Bb7 6. Bg2 c5 7. a3 Bxd2+ 8. Qxd2 cxd4 9. 0-0 0-0 10. b4 e5 11. Nxe5 Bxg2 12. Kxg2 Nc6 13. Nf3 d5 14. Nxd4 Nxd4 15. Qxd4 dxc4 16. Qxc4 Rc8 17. Qb3 Re8 18. Re1 h5 19. Bg5 Qd5+ 20. Qxd5 Nxd5 21. e4 Nc3 22. Rac1 f6 23. Bd2 Nb5 24. a4 Nd6 25. Rxc8 Rxc8 26. e5 fxe5 27. Rxe5 Rc2 28. Rd5 Nc4 29. Bf4 Ra2 30. Rxh5 Rxa4 31. b5 Na3 32. Bd2 Rc4 33. Rd5 Rc2 34. Bf4 Kh7 35. Bb8 Nc4 36. Kf3 Rc3+ 37. Ke4 Ra3 38. Rd7 Ra2 39. Rxa7 Rxf2 40. Kd4 Nd2 41. Be5 Rxh2 42. Rxg7+ Kh6 43. Rb7 Nf3+ 44. Ke4 Nxe5 45. Kxe5 Rh5+ 46. Kd6 Rxb5 47. Kc6 Rb4 48. Rxb6 Rxb6+ 1/2-1/2

[Event "Oslo op"]
[Site "Oslo"]
[Date "2018.10.04"]
[Round "6"]
[White "Melaa, Sondre Lillestol"]
[Black "Ronneland, Daniel"]
[Result "1-0"]
[WhiteElo "2077"]
[BlackElo "2208"]
[PlyCount "73"]
[EventDate "2018.09.30"]
[EventType "swiss"]
[EventRounds "10"]
[EventCountry "NOR"]
[SourceTitle "EXT 2020"]
[Source "ChessBase"]
[SourceDate "2019.10.17"]
[SourceVersion "1"]
[SourceVersionDate "2019.10.17"]
[SourceQuality "1"]

1. e4 c5 2. Nf3 Nc6 3. d4 cxd4 4. Nxd4 Nf6 5. Nc3 e5 6. Ndb5 d6 7. Bg5 a6 8. Na3 b5 9. Bxf6 gxf6 10. Nd5 Bg7 11. Bd3 Ne7 12. Qf3 Nxd5 13. exd5 f5 14. Bxf5 Bxf5 15. Qxf5 Qa5+ 16. c3 b4 17. Nc4 Qc5 18. Qd3 0-0 19. Nd2 bxc3 20. bxc3 f5 21. Nb3 Qa3 22. 0-0 a5 23. f3 a4 24. Nd2 Rac8 25. Rac1 Kh8 26. Rc2 Bh6 27. g3 Qc5+ 28. Kg2 Rc7 29. Re1 Bxd2 30. Qxd2 Qc4 31. Qh6 Re8 32. Qxd6 e4 33. fxe4 fxe4 34. Rf2 Qc5 35. Qf6+ Kg8 36. d6 Rd7 37. Rf5 1-0

[Event "Oslo op"]
[Site "Oslo"]
[Date "2018.10.03"]
[Round "5"]
[White "Ronneland, Daniel"]
[Black "Pakleza, Zbigniew"]
[Result "0-1"]
[WhiteElo "2208"]
[BlackElo "2502"]
[PlyCount "88"]
[EventDate "2018.09.30"]
[EventType "swiss"]
[EventRounds "10"]
[EventCountry "NOR"]
[SourceTitle "EXT 2020"]
[Source "ChessBase"]
[SourceDate "2019.10.17"]
[SourceVersion "1"]
[SourceVersionDate "2019.10.17"]
[SourceQuality "1"]

1. e4 d6 2. d4 Nf6 3. Nc3 c6 4. Nf3 Bg4 5. h3 Bh5 6. Qe2 e6 7. g4 Bg6 8. h4 h5 9. g5 Nfd7 10. Be3 d5 11. Nd2 Be7 12. Bh3 b5 13. a3 Nb6 14. f4 dxe4 15. 0-0 Bf5 16. Bg2 Bg4 17. Qf2 f5 18. gxf6 Bxf6 19. Bxe4 Bxh4 20. Bg6+ Kd7 21. Qg2 Nd5 22. Nxd5 exd5 23. Nf3 Kc7 24. f5 Bxf3 25. Rxf3 Nd7 26. a4 bxa4 27. Bf4+ Kb7 28. Rxa4 Nb6 29. Ra1 Be7 30. Re1 Rc8 31. Re6 h4 32. Qe2 Bf6 33. Ra3 Bxd4+ 34. Kh1 Nc4 35. Re7+ Ka8 36. Ra6 Bc5 37. Rxg7 Qf6 38. Rf7 Qxb2 39. Qg2 h3 40. Qf1 Qxc2 41. Rd7 Rb8 42. Bxb8 Rxb8 43. Ra1 Qe4+ 44. Kh2 Rb2+ 0-1

[Event "Lund CellaVision Cup"]
[Site "Lund"]
[Date "2018.08.05"]
[Round "8"]
[White "Ronneland, Daniel"]
[Black "Sjodahl, Pontus"]
[Result "0-1"]
[WhiteElo "2263"]
[BlackElo "2404"]
[PlyCount "120"]
[EventDate "2018.08.03"]
[EventType "swiss"]
[EventRounds "8"]
[EventCountry "SWE"]
[SourceTitle "CBM 186 Extra"]
[Source "ChessBase"]
[SourceDate "2018.08.24"]
[SourceVersion "1"]
[SourceVersionDate "2018.08.24"]
[SourceQuality "1"]

1. d4 Nf6 2. c4 e6 3. Nf3 d5 4. Nc3 Bb4 5. Qa4+ Nc6 6. e3 0-0 7. Bd2 a6 8. a3 Bd6 9. c5 Be7 10. b4 Ne4 11. b5 Nb8 12. Nxe4 dxe4 13. Ne5 Nd7 14. c6 Nb6 15. Qb3 Bd6 16. Bb4 Nd5 17. cxb7 Bxb7 18. bxa6 Bxa6 19. Bxa6 Rxa6 20. 0-0 Qa8 21. Rab1 Nxb4 22. axb4 Rb8 23. Qc2 Qd5 24. Nd7 Bxh2+ 25. Kxh2 Qxd7 26. Qxe4 Qd6+ 27. Qe5 Rab6 28. Rfc1 Rb5 29. Qxd6 cxd6 30. Rc7 g6 31. Ra1 Rxb4 32. Raa7 Rf8 33. Rd7 d5 34. g4 h6 35. Kg3 Kg7 36. Re7 Kf6 37. f4 Rb3 38. Kf3 Rb1 39. Red7 Rb6 40. Rac7 g5 41. fxg5+ hxg5 42. Ra7 Rc6 43. Rab7 Ra6 44. Rbc7 Ra1 45. Rb7 Rg1 46. Rdc7 Kg6 47. Rd7 Rh8 48. Ke2 Rh2+ 49. Kd3 Rf2 50. Rb6 Rf6 51. Rb8 Kg7 52. Rdd8 Rg6 53. Rg8+ Kf6 54. Rgf8 Rxg4 55. Rb7 Rg7 56. Ke2 Rh4 57. Kf3 g4+ 58. Kg2 Rh3 59. Kf2 g3+ 60. Kg1 g2 0-1

[Event "Gothenburg Kvibergspelen"]
[Site "Gothenburg"]
[Date "2018.04.20"]
[Round "1"]
[White "Muntean, Victor"]
[Black "Ronneland, Daniel"]
[Result "0-1"]
[WhiteElo "1846"]
[BlackElo "2201"]
[PlyCount "53"]
[EventDate "2018.04.20"]
[EventType "swiss"]
[EventRounds "8"]
[EventCountry "SWE"]
[SourceTitle "CBM 184 Extra"]
[Source "ChessBase"]
[SourceDate "2018.06.28"]
[SourceVersion "1"]
[SourceVersionDate "2018.06.28"]
[SourceQuality "1"]

1. e4 e5 2. Nf3 Nc6 3. d4 exd4 4. Bc4 Nf6 5. Ng5 d5 6. exd5 Ne5 7. Qxd4 Nxc4 8. Qxc4 h6 9. Ne4 Nxd5 10. 0-0 c6 11. Re1 Be6 12. Nbc3 Qb6 13. Na4 Qb4 14. Qxb4 Nxb4 15. Re2 0-0-0 16. Be3 Bc4 17. Rd2 Rxd2 18. Nxd2 Nxc2 19. Bxa7 Nxa1 20. Nb6+ Kc7 21. Nbxc4 Bb4 22. Bb6+ Kc8 23. Ne4 Nc2 24. Ncd6+ Bxd6 25. Nxd6+ Kb8 26. Nxf7 Re8 27. Ba5 0-1

[Event "Gothenburg Kvibergspelen"]
[Site "Gothenburg"]
[Date "2018.04.20"]
[Round "2"]
[White "Ronneland, Daniel"]
[Black "Larsson, Patric"]
[Result "1-0"]
[WhiteElo "2201"]
[BlackElo "2006"]
[PlyCount "45"]
[EventDate "2018.04.20"]
[EventType "swiss"]
[EventRounds "8"]
[EventCountry "SWE"]
[SourceTitle "CBM 184 Extra"]
[Source "ChessBase"]
[SourceDate "2018.06.28"]
[SourceVersion "1"]
[SourceVersionDate "2018.06.28"]
[SourceQuality "1"]

1. d4 d5 2. c4 dxc4 3. e3 e5 4. Bxc4 exd4 5. exd4 Bd6 6. Nf3 Nf6 7. 0-0 0-0 8. h3 h6 9. Nc3 Nc6 10. Re1 Bf5 11. d5 Nb4 12. Nd4 Bg6 13. Qf3 c5 14. dxc6 Nxc6 15. Nxc6 bxc6 16. Qxc6 Rc8 17. Qa6 Bb8 18. Bf1 Qc7 19. g3 Qd7 20. Be3 Rc6 21. Qa4 Qc8 22. Rad1 Ne4 23. Nxe4 1-0

[Event "Oslo op"]
[Site "Fornebu"]
[Date "2017.10.03"]
[Round "6"]
[White "Vitenberg, Noam Aviv"]
[Black "Ronneland, Daniel"]
[Result "1-0"]
[WhiteElo "1989"]
[BlackElo "2218"]
[PlyCount "89"]
[EventDate "2017.09.29"]
[EventType "swiss"]
[EventRounds "10"]
[EventCountry "NOR"]
[SourceTitle "CBM 181 Extra"]
[Source "ChessBase"]
[SourceDate "2017.12.12"]
[SourceVersion "1"]
[SourceVersionDate "2017.12.12"]
[SourceQuality "1"]

1. d4 Nf6 2. c4 g6 3. Nc3 Bg7 4. e4 d6 5. Nf3 0-0 6. Be2 Nbd7 7. Be3 e5 8. 0-0 c6 9. Qc2 Qe7 10. Rfe1 Re8 11. d5 c5 12. Nd2 Rf8 13. a3 Ne8 14. Bd3 Ndf6 15. Bg5 h6 16. Bh4 g5 17. Bg3 h5 18. f3 Bh6 19. b4 b6 20. Rab1 Nh7 21. Rb2 g4 22. fxg4 Bxg4 23. Nd1 Kh8 24. Ne3 Bxe3+ 25. Rxe3 Rg8 26. Kh1 Qg5 27. Nf1 h4 28. Be1 Rg6 29. h3 Bd7 30. Rf3 cxb4 31. axb4 a5 32. Qf2 Nef6 33. bxa5 bxa5 34. Qxh4 Qc1 35. Rb1 Qa3 36. Qf2 Kg7 37. Bd2 Rg8 38. Bc1 Qa4 39. Ne3 Kh8 40. Bc2 Qa2 41. g4 Ng5 42. Rxf6 Nxh3 43. Qh4+ Kg7 44. Rxg6+ fxg6 45. Rb7 1-0

[Event "Oslo op"]
[Site "Fornebu"]
[Date "2017.10.01"]
[Round "4"]
[White "Ronneland, Daniel"]
[Black "Johansen, Kai Roger"]
[Result "1-0"]
[WhiteElo "2218"]
[BlackElo "1950"]
[PlyCount "106"]
[EventDate "2017.09.29"]
[EventType "swiss"]
[EventRounds "10"]
[EventCountry "NOR"]
[SourceTitle "CBM 181 Extra"]
[Source "ChessBase"]
[SourceDate "2017.12.12"]
[SourceVersion "1"]
[SourceVersionDate "2017.12.12"]
[SourceQuality "1"]

1. d4 d5 2. c4 c6 3. Nf3 Nf6 4. e3 Bf5 5. Nc3 e6 6. Bd3 Bxd3 7. Qxd3 Nbd7 8. 0-0 Be7 9. b3 0-0 10. Bb2 Re8 11. Rad1 Qc7 12. Rd2 Rad8 13. a3 Bd6 14. c5 Bf8 15. b4 a6 16. Ne2 Ne4 17. Rdd1 f6 18. Ne1 e5 19. f3 Ng5 20. dxe5 Nxe5 21. Bxe5 fxe5 22. Qb3 Kh8 23. Ng3 e4 24. f4 Nf7 25. Nc2 Nh6 26. Nd4 Rd7 27. f5 Rf7 28. Rf4 Be7 29. Rdf1 Bf6 30. Qd1 Be5 31. Qh5 Ng8 32. Ne6 Qe7 33. Ng5 Nh6 34. Nxf7+ Qxf7 35. Rh4 Qxh5 36. Nxh5 Ng8 37. Nf4 Bxf4 38. Rhxf4 Nf6 39. g4 Rf8 40. g5 Nd7 41. f6 g6 42. h4 Ne5 43. Kg2 Nc4 44. Kf2 Nxa3 45. h5 gxh5 46. Rh4 Nc2 47. Rb1 Na3 48. Rbh1 Kg8 49. Rxh5 Kf7 50. Rxh7+ Kg6 51. Rg7+ Kf5 52. Kg3 Nc2 53. Rf1+ Ke6 1-0

[Event "Oslo op"]
[Site "Fornebu"]
[Date "2016.10.06"]
[Round "9"]
[White "Arnaudov, Petar G"]
[Black "Ronneland, Daniel"]
[Result "1-0"]
[WhiteElo "2474"]
[BlackElo "2192"]
[PlyCount "141"]
[EventDate "2016.09.30"]
[EventType "swiss"]
[EventRounds "9"]
[EventCountry "NOR"]
[SourceTitle "EXT 2017"]
[Source "ChessBase"]
[SourceDate "2016.10.25"]
[SourceVersion "1"]
[SourceVersionDate "2016.10.25"]
[SourceQuality "1"]

1. d4 d5 2. c4 c6 3. Nf3 Nf6 4. Nc3 e6 5. g3 Be7 6. Bg2 0-0 7. 0-0 Nbd7 8. Qd3 b6 9. e4 Ba6 10. b3 dxc4 11. bxc4 e5 12. dxe5 Ng4 13. Bf4 g5 14. Bh3 h5 15. Bxg4 hxg4 16. Nxg5 Nxe5 17. Qc2 Qd3 18. Rfc1 Qxc2 19. Rxc2 Bxc4 20. Bxe5 Bxg5 21. Bd6 Rfe8 22. e5 Bd3 23. Rb2 Rad8 24. Rd1 Bf5 25. h3 gxh3 26. f4 Be7 27. Bxe7 Rxd1+ 28. Nxd1 Rxe7 29. Ne3 Be4 30. Rd2 c5 31. Ng4 Kg7 32. Nf6 Bh7 33. Rd8 Re6 34. Rc8 Rxf6 35. exf6+ Kxf6 36. Rc7 Bd3 37. Kh2 c4 38. Kxh3 Ke6 39. Kg2 Kd6 40. Rc8 Kd7 41. Rh8 c3 42. Kf2 c2 43. Rh1 f5 44. Ke3 Be4 45. Rc1 Ke6 46. g4 Kf6 47. g5+ Kg6 48. Kd2 b5 49. a3 a5 50. Rg1 b4 51. axb4 axb4 52. Rg3 Kh5 53. g6 Bd5 54. g7 Bg8 55. Kxc2 Kh6 56. Rg1 Kh7 57. Kd2 Be6 58. Kd3 b3 59. Kd4 b2 60. Ke5 Ba2 61. Kf6 b1Q 62. g8Q+ Bxg8 63. Rxb1 Bc4 64. Rb7+ Kg8 65. Kxf5 Bd3+ 66. Kf6 Be4 67. Re7 Bd5 68. Rg7+ Kf8 69. Rd7 Bc6 70. Rd8+ Be8 71. f5 1-0

[Event "Hasselbacken op"]
[Site "Stockholm"]
[Date "2016.05.02"]
[Round "3"]
[White "Ronneland, Daniel"]
[Black "Stark, Lars"]
[Result "1/2-1/2"]
[WhiteElo "2196"]
[BlackElo "2409"]
[PlyCount "82"]
[EventDate "2016.04.30"]
[EventType "swiss"]
[EventRounds "9"]
[EventCountry "SWE"]
[SourceTitle "CBM 172 Extra"]
[Source "ChessBase"]
[SourceDate "2016.06.21"]
[SourceVersion "1"]
[SourceVersionDate "2016.06.21"]
[SourceQuality "1"]

1. d4 Nf6 2. c4 e6 3. Nf3 b6 4. g3 Ba6 5. Qc2 c5 6. d5 exd5 7. cxd5 d6 8. Bg2 g6 9. 0-0 Bg7 10. Re1 0-0 11. e4 Re8 12. a4 Bb7 13. Na3 Na6 14. Bd2 Nb4 15. Bxb4 cxb4 16. Nb5 Rc8 17. Qd2 Nxe4 18. Qxb4 a5 19. Qa3 Rc5 20. Nfd4 Bxd5 21. Rad1 Ba8 22. Nb3 Rce5 23. f4 R5e6 24. N3d4 R6e7 25. b4 axb4 26. Qxb4 Bf8 27. f5 Re5 28. Rf1 d5 29. Qb2 Bc5 30. Kh1 Bb7 31. Ne6 R8xe6 32. fxe6 Nxg3+ 33. hxg3 Rh5+ 34. Bh3 Rxh3+ 35. Kg2 Rxg3+ 36. Kxg3 Qg5+ 37. Kh3 Qh5+ 38. Kg3 Qg5+ 39. Kh3 Qe3+ 40. Kh2 Qh6+ 41. Kg3 Qg5+ 1/2-1/2